000 00490nam a2200133Ia 4500
008 171212s9999 xx 000 0 und d
020 _a9781911576280
100 _aBentham, Jeremy;Sprigge, Timothy L. S.;Burns, J.H.
245 _cBentham, Jeremy;Sprigge, Timothy L. S.;Burns, J.H.
_aCorrespondence of Jeremy Bentham, Volume 2
_b1777 to 1780
260 _bUCL Press
_c2017
440 _aCorrespondence of Jeremy Bentham
650 _aHistory
856 _uhttp://jstor.org/stable/j.ctt1qnw898
999 _c352860
_d352860